header

Creativity and its discontents (Record no. 37354)

MARC details
000 -LEADER
fixed length control field 01315nam a2200337 a 4500
245 00 - TITLE STATEMENT
Title Creativity and its discontents
260 ## - PUBLICATION, DISTRIBUTION, ETC. (IMPRINT)
Place of publication Frankfurt :
Name of publisher Ontos Verlag,
Year of publication 2009.
300 ## - PHYSICAL DESCRIPTION
Number of Pages 250 p.
650 #0 - SUBJECT ADDED ENTRY--TOPICAL TERM
Topical Term Cosmology.
Topical Term Process philosophy.
700 1# - ADDED ENTRY--PERSONAL NAME
Personal name Wyk, Alan.
Personal name Weber, Michel.
856 40 - ELECTRONIC LOCATION AND ACCESS
Uniform Resource Identifier http://site.ebrary.com/lib/rucke/Doc?id=10728795

No items available.

© 2026 Rongo University
Contact us: librarian | system librarian | Rongo university